| 000 | 01084nam a22002417a 4500 | ||
|---|---|---|---|
| 005 | 20210325185410.0 | ||
| 008 | s2544 th tha d | ||
| 020 | _a9748212367 | ||
| 041 | _atha | ||
| 090 | _aอ AG750 ร421พ 2544 | ||
| 110 | 0 | _aราชบัณฑิตยสถาน | |
| 245 | 1 | 0 | _aพจนานุกรมศัพท์ธรณีวิทยา ฉบับราชบัณฑิตยสถาน |
| 260 | 3 |
_aกรุงเทพฯ : _bราชบัณฑิตยสถาน, _c2544 |
|
| 300 |
_a374 หน้า : _b ภาพประกอบ, ตาราง ; _c 28 ซม. |
||
| 610 | _aราชบัณฑิตยสถาน | ||
| 650 | 0 | 4 | _aธรณีวิทยา -- พจนานุกรม |
| 650 | 0 | 4 | _aธรณีวิทยา -- ศัพท์บัญญัติ |
| 650 | 0 | 4 | _aธรณีวิทยา -- ศัพท์บัญญัติธรณีวิทยา -- พจนานุกรม |
| 850 | _aNALT | ||
| 942 | _cREF | ||
| 997 | _c000000000022862 | ||
| 998 | _aNOOPIN | ||
| 999 |
_c22862 _d22862 |
||